| 000 | 00452nam a22001697a 4500 | ||
|---|---|---|---|
| 008 | 230602b |||||||| |||| 00| 0 eng d | ||
| 020 | _a0471526207 | ||
| 040 |
_aNational Science Library _cNational Science Library |
||
| 080 |
_a621.375.826 _bL1 |
||
| 100 |
_aLengyel, Bela A _910805 |
||
| 245 | _aLasers | ||
| 250 | _a2nd ed. | ||
| 260 |
_aNew York: _bWiley-Interscience, _c1971 |
||
| 300 | _axii, 386p. | ||
| 650 | _aScience | ||
| 942 |
_2udc _cBK |
||
| 999 |
_c38874 _d38874 |
||